| 000 | 00402nam a22001697a 4500 | ||
|---|---|---|---|
| 005 | 20260402131940.0 | ||
| 008 | 260402b |||||||| |||| 00| 0 eng d | ||
| 020 | _a9789382676553 | ||
| 041 | _aEnglish | ||
| 082 | _a343.099 NAN | ||
| 100 | _a Nanda, S.K. | ||
| 245 | _aMedia Law | ||
| 260 |
_aAllahabad : _bCentral Law Publication, _c2013. |
||
| 300 | _a372 p | ||
| 650 | _aMedia Law | ||
| 942 | _cDB | ||
| 999 |
_c9592 _d9592 |
||